Stay - Rihanna ft. Mikky Ekko (All Lyrics) - Statistics

General Stats
  • This quiz has been taken 1,242 times
  • The average score is 214 of 246
Answer Stats
Lyrics % Correct
I
100%
a
98%
A
98%
you
98%
you.
98%
the
97%
it
96%
it.
96%
It
96%
stay.
96%
Stay.
96%
to
96%
me
95%
Oh,
95%
Oh.
95%
when
95%
All
93%
all
93%
in
93%
something."
93%
Something
93%
something
93%
want
93%
and
91%
And
91%
go.
90%
He
90%
Not
90%
not
90%
was
90%
way
90%
way.
90%
we
90%
feel
89%
how
88%
like
88%
move.
88%
about
87%
along
87%
know.
87%
know
87%
Makes
87%
now
87%
now,
87%
really
87%
tell
87%
sure
86%
take,
86%
around
85%
can't
85%
fever.
85%
live
85%
'Round
85%
without
85%
my
84%
said:
84%
"If
82%
air
81%
hands
81%
It's
81%
it's
81%
on.
81%
takes
81%
cold
80%
come
80%
closer."
79%
little
79%
"Show
79%
you're
77%
believer.
76%
one.
76%
one
76%
dare,
75%
need
75%
who
75%
I'm
74%
given.
73%
of
72%
only
71%
sweat,
70%
broken
69%
But
69%
headed
69%
life
69%
is
68%
just
68%
living.
68%
threw
67%
hard
66%
saving.
66%
Funny
65%
hold
65%
hot
65%
us
64%
light.
63%
reason
63%
see
63%
needed
62%
'cause
61%
'Cause
61%
which
60%
this
59%
much
57%
never
55%
caving.
54%
gone.
53%
hole
39%
No matching quizzes found
Score Distribution
Percent of People with Each Score
Percentile by Number Answered
Your Score History
You have not taken this quiz